00918cam a22002294a 45000010009000000050017000090080041000260200018000670500022000850820015001071000017001222450114001392600054002533000026003076500050003336500038003836500034004218560076004559420015005319990015005469520127005611514117920260422132653.0080114s2007 sa b 001 0 eng d a978095850979400aK3585 b.T59 200704a344.462221 aTladi, Dire.10aSustainable development in international law :ban analysis of key enviro-economic instruments /cDire Tladi. aPretoria :bPretoria University Law Press,c2007. axiv, 274 p. ;c25 cm. 0aSustainable developmentxLaw and legislation. 0aEnvironmental law, International. 0aLaw and economic development.413Table of contentsuhttp://www.loc.gov/catdir/toc/fy0803/2008552068.html 2lcccBKn0 c9469d9469 00102lcc40708NFICaMBLbMBLcGENd2026-04-22l0oK3585 .T59 2007pBSSM00003554r2026-04-22 13:27:26t1w2026-04-22yBK